| 000 | 00794nam a22002057a 4500 | ||
|---|---|---|---|
| 999 |
_c18693 _d18693 |
||
| 003 | AR-CdUCM | ||
| 008 | 190515b ||||| |||| 00| 0 spa d | ||
| 040 |
_aMUNICIPALIDAD PROVINCIAL DEL CUSCO _cBIBLIOTECA MUNICIPAL DEL CUSCO |
||
| 082 |
_a658 / _bP59 |
||
| 100 |
_aPinilla, Antonio _96881 |
||
| 245 | _aConocimiento de la interacción humana y filosofía de la administración / | ||
| 260 |
_aPerú : _bIberoamericana, _c1981. |
||
| 300 |
_a261 páginas ; _c22 cm. |
||
| 505 | _aContenido : La realidad psico-social -- Factores que influyen sobre la interacción humana Tendencias determinantes del sentido de la interacción humana ... | ||
| 650 |
_aInteracción _939433 |
||
| 650 |
_aHumana _919436 |
||
| 650 |
_aConocimiento _95704 |
||
| 942 |
_2ddc _cLIBROS |
||
| 945 |
_arah _d2019/05/15 |
||